zpět

Detail výsledku týmu

U Kapitána, Valtice

Datum a čas kvízu

26.5 Celkem bodů Celkový počet nahraných bodů na tomto kvízu bez doplňovacích otázek.
3. Pořadí na kvízu Konečné umístění týmu na tomto kvízu.

Zaznamenané odpovědi

# Otázka Odpověď Body Výsledky
1. Které konkrétní neočekávané zb... kokain 1
2. Která země letos pořádala svět... Jižní Korea 0
3. Ve čtvrtek mělo v českých kine... Gran Turismo, Orlando Bloom 0
4. Jak se nazývá každoroční meteo... Perseidy 1
5. Tuzemský fotbalový pohár minul... z Prostějova 0
6. Tentokrát se podíváme na různá... 1C 2D 3B 4A 1
7. Doplňte město do názvu dobrodr... York, Daniel Defoe 0.5
8. Několik románů amerického spi... Brazílie, Stepford 0
9. Poslední dvě otázky tohoto tém... Paul Gauguin, Tahiťanky 0.5
10. Napište jméno autora této uměl... David Černý 0